| 000 | 00734nam a2200289Ia 4500 | ||
|---|---|---|---|
| 005 | 20260324130714.0 | ||
| 008 | 008 260324s9999 xx 000 0 eng d | ||
| 020 | _a9781315478579 | ||
| 037 | _aEBOOK | ||
| 040 | _aCRL | ||
| 040 | _beng | ||
| 040 | _cCRL | ||
| 041 | _2eng | ||
| 041 | _aeng | ||
| 084 | _qCRL | ||
| 100 |
_aP.M.Michele Daviau; Thomas Evan Levy; Randall W. Younker _91182787 |
||
| 245 | 0 | _aCrossing Jordan | |
| 245 | 0 | _bNorth American Contributions to the Archaeology of Jordan | |
| 260 | _bTaylor and Francis | ||
| 260 | _c2007 | ||
| 365 | _a | ||
| 365 | _b240 | ||
| 856 | _uhttp://www.taylorfrancis.com/books/9781315478579 | ||
| 942 | _cEBOOK | ||
| 999 |
_c1779184 _d1779184 |
||